000 03521nkm0a2200457 4500
001 RU\NLR\BIBL_A\011174212
005 20250806210018.0
020 _aRU
_b1010 (1941-[XXIX])
_9Ленинград в Великой Отечественной войне : Печать Ленинграда. 1941-1945 : каталог изд., хранящихся в фондах Гос. Публ. б-ки. Вып. 2. Листовки, плакаты, открытки, альбомы / [сост. И.В. Разова, Ю.А. Фельдман, Е.М. Тепер и др.] ; М-во культуры РСФСР. Гос. Публ. б-ка им. М.Е. Салтыкова-Щедрина. - Ленинград, 1972
020 _aRU
_b49
_9Ленинградские "Окна ТАСС" 1941-1945 : из собрания Отдела эстампов Российской национальной библиотеки : иллюстрированный каталог / Рос. нац. б-ка ; [сост.: М. Ю. Мельникова и др. ; авт. вступ. ст. и биогр. материалов: И. В. Селиванова]. - Санкт-Петербург: Изд-во Российской национальной библиотеки, 2015
035 _a(NLR Aleph) 011174212
090 _a79450
_c79450
100 _a20160708d1941 u y0rusy50 ca
101 0 _arus
102 _aRU
116 _ahiycvv xx ad
135 _acrcn 024anaba
200 1 _aПозор трусу!
_bИзоматериал
_e[плакат]
210 _a[Ленинград
_d1941]
215 _a1 л.
225 1 _aОкно ТАСС
_iЛенинград
_v[1941]
300 _aНа обороте карандашом фамилия художника и дата: "В. Слыщенко 1941"
325 1 _aКопия доступна в электронной библиотеке РНБ
606 1 _aПлакат русский советский
_z1941 - 1945
_yЛенинград, город
_2nlr-sh2
_3RU\NLR\AUTH\661571886
606 1 _aВеликая Отечественная война
_z1941 - 1945
_jПлакаты
_2nlr-sh1
_2nlr-sh2
_3RU\NLR\AUTH\668893
606 1 _aКарикатура русская советская
_jПлакаты
_2nlr-sh1
_2nlr-sh2
_3RU\NLR\AUTH\66448
686 0 _aЩ153(2Р=Рус)7-466
700 1 _aСлыщенко
_bВ. С.
_f1905-1991
_gВиктор Сергеевич
_4040
712 0 2 _aТелеграфное агентство СССР
_bРедакция военно-оборонного плаката "Окна ТАСС"
_3RU\NLR\AUTH\8810071442
_4570
712 0 2 _aТелеграфное агентство СССР
_bЛенинградское областное отделение
_3RU\NLR\AUTH\885717
_4570
852 _aNLR
_bЭ
_jПлИр995/ОКТЛ-41
_mЭ029054
856 0 _uhttp://vivaldi.nlr.ru/la000010361/view
856 1 _uhttp://vivaldi.nlr.ru/la000010361/cover
856 2 _uhttp://vivaldi.nlr.ru/la000010361/text
901 _eИзографические материалы
942 _cVISUAL
945 _aРоссийская национальная библиотека
980 _aBV
981 3 7 _a(37) Ленинград в Великой Отечественной войне
981 1 7 _a(17) Изографические материалы
_b(17) Плакаты